000 00295nam a22001457a 4500
999 _c160071
_d160071
082 _a
_b
100 _aDeyana Bhatt
245 _aSmritichandrika (v.1)/
_cby Deyana Bhatt.
260 _aDelhi:
_bNag,
_c1988.
300 _a631p.
600 _a
650 _a
700 _a
942 _cBK